000
00318nam a2200133Ia 4500
005
20260326235440.0
008
260326s9999||||xx |||||||||||||| ||und||
100
_a
Broto, Carles
245
0
_a
Multiunit Housing /
_c
Carles Broto
260
_b
Links
300
_a
239 p.
650
_a
VIVIENDA MULTIFAMILIAR
942
_c
BK
999
_c
7364
_d
7364